<?xml version="1.0" encoding="UTF-8"?>
<record
    xmlns:xsi="http://www.w3.org/2001/XMLSchema-instance"
    xsi:schemaLocation="http://www.loc.gov/MARC21/slim http://www.loc.gov/standards/marcxml/schema/MARC21slim.xsd"
    xmlns="http://www.loc.gov/MARC21/slim">

  <leader>01358nam a2200313 i 4500</leader>
  <controlfield tag="001">196584</controlfield>
  <controlfield tag="003">ES-MaACL</controlfield>
  <controlfield tag="005">20250625063213.0</controlfield>
  <controlfield tag="007">ta</controlfield>
  <controlfield tag="008">241007b1967    sp ||||| |||| 00| 0 spa d</controlfield>
  <datafield tag="017" ind1=" " ind2=" ">
    <subfield code="a">M Sep. 3875/1958</subfield>
  </datafield>
  <datafield tag="040" ind1=" " ind2=" ">
    <subfield code="b">spa</subfield>
    <subfield code="c">ES-MaACL</subfield>
    <subfield code="d">ES-MaACL</subfield>
  </datafield>
  <datafield tag="100" ind1="1" ind2=" ">
    <subfield code="a">Garciasol, Ram&#xF3;n de, </subfield>
    <subfield code="d">1913-1994</subfield>
    <subfield code="e">aut</subfield>
    <subfield code="9">236221</subfield>
  </datafield>
  <datafield tag="245" ind1=" " ind2=" ">
    <subfield code="a">Musas de carne y hueso /</subfield>
    <subfield code="c">Ram&#xF3;n de Garciasol</subfield>
  </datafield>
  <datafield tag="260" ind1=" " ind2=" ">
    <subfield code="a">[Madrid :</subfield>
    <subfield code="b">s.n.], </subfield>
    <subfield code="c">1967.</subfield>
    <subfield code="f">(Imp. Bolet&#xED;n Oficial del Estado)</subfield>
  </datafield>
  <datafield tag="300" ind1=" " ind2=" ">
    <subfield code="a">14 p. ;</subfield>
    <subfield code="c">24 cm</subfield>
  </datafield>
  <datafield tag="336" ind1=" " ind2=" ">
    <subfield code="2">rdacontent</subfield>
    <subfield code="a">texto</subfield>
  </datafield>
  <datafield tag="337" ind1=" " ind2=" ">
    <subfield code="2">rdamedia</subfield>
    <subfield code="a">sin mediaci&#xF3;n</subfield>
  </datafield>
  <datafield tag="338" ind1=" " ind2=" ">
    <subfield code="2">rdacarrier</subfield>
    <subfield code="a">volumen</subfield>
  </datafield>
  <datafield tag="500" ind1=" " ind2=" ">
    <subfield code="a">Tirada aparte de la revista "Cuadernos hispanoamericanos" n.&#xBA; 212-213</subfield>
  </datafield>
  <datafield tag="600" ind1="1" ind2="4">
    <subfield code="9">42720</subfield>
    <subfield code="a">Dar&#xED;o, Rub&#xE9;n,</subfield>
    <subfield code="d">1867-1916</subfield>
  </datafield>
  <datafield tag="600" ind1="1" ind2="4">
    <subfield code="9">111982</subfield>
    <subfield code="a">Unamuno, Miguel de,</subfield>
    <subfield code="d">1864-1936</subfield>
  </datafield>
  <datafield tag="852" ind1=" " ind2=" ">
    <subfield code="a">ES-MaACL</subfield>
    <subfield code="c">DEPOF</subfield>
    <subfield code="j">FOLL-BUE-41</subfield>
    <subfield code="g">Dedicatoria manuscrita del autor, Ram&#xF3;n de Garciasol, para Antonio Buero Vallejo en cubierta reverso: "Para Victoria y Toni, tan fraternos, estas palabras que les llevan el abrazo y la devoci&#xF3;n de su [Firma]"</subfield>
    <subfield code="h">Legado: Antonio Buero Vallejo</subfield>
    <subfield code="9">204303 </subfield>
  </datafield>
  <datafield tag="903" ind1=" " ind2=" ">
    <subfield code="9">32421</subfield>
    <subfield code="a">Buero Vallejo, Antonio,</subfield>
    <subfield code="q">1</subfield>
    <subfield code="d">1916-2000</subfield>
    <subfield code="e">dnr</subfield>
  </datafield>
  <datafield tag="942" ind1=" " ind2=" ">
    <subfield code="n">0</subfield>
    <subfield code="c">FOLLETOS</subfield>
  </datafield>
  <datafield tag="999" ind1=" " ind2=" ">
    <subfield code="c">196584</subfield>
    <subfield code="d">196584</subfield>
  </datafield>
  <datafield tag="952" ind1=" " ind2=" ">
    <subfield code="0">0</subfield>
    <subfield code="1">0</subfield>
    <subfield code="2">udc</subfield>
    <subfield code="4">0</subfield>
    <subfield code="7">0</subfield>
    <subfield code="8">Librosdedicados</subfield>
    <subfield code="a">ATENEOM</subfield>
    <subfield code="b">ATENEOM</subfield>
    <subfield code="c">DEPOF</subfield>
    <subfield code="d">2024-10-07</subfield>
    <subfield code="e">LEGADO</subfield>
    <subfield code="l">0</subfield>
    <subfield code="o">FOLL-BUE-41</subfield>
    <subfield code="p">101229126</subfield>
    <subfield code="r">2024-10-07 00:00:00</subfield>
    <subfield code="w">2024-10-07</subfield>
    <subfield code="y">FOLLETOS</subfield>
    <subfield code="z">Dedicatoria manuscrita del autor, Ram&#xF3;n de Garciasol, para Antonio Buero Vallejo.</subfield>
  </datafield>
</record>
